[Event "34th Chess Olympiad (men)"]
[Site "Istanbul"]
[Date "2000.11.10"]
[Round "13.1.1"]
[White "Adams, Michael"]
[Black "Morozevich, Alexander"]
[WhiteElo "2755"]
[BlackElo "2756"]
[WhiteCountry "ENG"]
[BlackCountry "RUS"]
[Result "1/2-1/2"]

1. e4 c5 2. Nf3 Nc6 3. d4 cxd4 4. Nxd4 Qb6 5. Nb3 Nf6 6. Nc3 e6 7. Qe2 d6 
8. g3 Be7 9. Bg2 a6 10. a4 Nd7 11. O-O Qc7 12. Be3 b6 13. Nd4 Bb7 14. Nxc6 O-O 
15. Bd4 O-O 
1/2-1/2

[Event "34th Chess Olympiad (men)"]
[Site "Istanbul"]
[Date "2000.11.10"]
[Round "13.2.3"]
[White "Dautov, Rustem"]
[Black "Kurajica, Bojan"]
[WhiteElo "2606"]
[BlackElo "2534"]
[WhiteCountry "GER"]
[BlackCountry "BIH"]
[Result "1-0"]

1. d4 Nf6 2. c4 e6 3. Nf3 b6 4. g3 Ba6 5. b3 Bb7 6. Bg2 Bb4+ 7. Bd2 a5 
8. O-O O-O 9. Qc2 Bxd2 10. Nbxd2 d5 11. cxd5 exd5 12. Rac1 Na6 13. Rfd1 Re8 
14. e3 c5 15. Qb2 Qe7 16. Nb1 Ne4 17. Nc3 Rac8 18. dxc5 Rxc5 19. Na4 Rxc1 
20. Rxc1 b5 21. Nc3 Nac5 22. Qc2 Nxf2 23. Nxd5 Qe4 24. Qxc5 Nd3 25. Nd2 Qe6 
26. Nc7 Qh6 27. Qa7 Nxc1 28. Nxe8 Bxg2 29. Nc7 g5 30. Kxg2 Qc6+ 31. e4 Qc3 
32. Qb8+ Kg7 33. Ne8+ Kg6 34. Qd6+ f6 35. Qd7 
1-0

[Event "34th Chess Olympiad (men)"]
[Site "Istanbul"]
[Date "2000.11.10"]
[Round "13.3.2"]
[White "Baklan, Vladimir"]
[Black "Smirin, Ilia"]
[WhiteElo "2599"]
[BlackElo "2677"]
[WhiteCountry "UKR"]
[BlackCountry "ISR"]
[Result "1/2-1/2"]

1. e4 d6 2. d4 Nf6 3. Nc3 g6 4. f4 Bg7 5. Nf3 O-O 6. Bd3 Na6 7. O-O c5 
8. d5 Rb8 9. Kh1 Nc7 10. a4 a6 11. a5 b5 12. axb6 Rxb6 13. Na4 Rb8 14. c4 e6 
15. e5 Nfe8 16. dxe6 Nxe6 17. Be4 Nd4 18. Nxd4 cxd4 19. Qxd4 Be6 20. Rd1 Qc7 
21. Be3 dxe5 22. Qc5 Rc8 23. Qxc7 Rxc7 24. Bc5 exf4 25. Bxf8 Kxf8 26. Bd5 Nf6 
1/2-1/2

[Event "34th Chess Olympiad (men)"]
[Site "Istanbul"]
[Date "2000.11.10"]
[Round "13.5.2"]
[White "Georgiev, Kiril"]
[Black "Kacheishvili, Giorgi"]
[WhiteElo "2661"]
[BlackElo "2564"]
[WhiteCountry "BUL"]
[BlackCountry "GEO"]
[Result "0-1"]

1. d4 Nf6 2. c4 e6 3. Nc3 Bb4 4. Qc2 O-O 5. a3 Bxc3+ 6. Qxc3 b6 7. Nf3 d6 
8. e3 Bb7 9. b3 Nbd7 10. Bb2 Qe7 11. Be2 Ne4 12. Qc2 f5 13. O-O Rae8 
14. Rad1 Rf6 15. c5 Bd5 16. Bc4 Rh6 17. Bxd5 exd5 18. cxd6 cxd6 19. Qc7 g5 
20. Nd2 g4 21. Nxe4 fxe4 22. Rc1 Rf8 23. Rc2 Qh4 24. f4 gxf3 25. g3 Qe7 
26. Qxa7 Qe6 27. Rff2 Kh8 28. Rc7 Nf6 29. Re7 Qg4 30. Rb7 Rg8 31. Rb8 Ne8 
32. Rxe8 Rxe8 33. Kf1 Qxg3 34. Qf7 Rg8 35. Qf6+ Rxf6 36. hxg3 Rh6 37. Ke1 Rxg3 
0-1

[Event "34th Chess Olympiad (men)"]
[Site "Istanbul"]
[Date "2000.11.10"]
[Round "13.5.4"]
[White "Stefanova, Antoaneta (im)"]
[Black "Jobava, Baadur"]
[WhiteElo "2514"]
[BlackElo "2480"]
[WhiteCountry "BUL"]
[BlackCountry "GEO"]
[Result "0-1"]

1. d4 Nf6 2. Nf3 g6 3. Nc3 d5 4. Bf4 Bg7 5. e3 O-O 6. Nb5 Na6 7. c4 c5 
8. Be5 Be6 9. Be2 dxc4 10. O-O Qd7 11. a4 Rfc8 12. Rc1 Nb4 13. Bxc4 a6 
14. Bxe6 fxe6 15. Na3 cxd4 16. Bxd4 Rxc1 17. Qxc1 Rc8 18. Qd1 Qd5 19. h3 Ne4 
20. Bxg7 Kxg7 21. Nd4 e5 22. Qg4 Nd6 23. Ne6+ Kg8 24. Ng5 Nd3 25. Qh4 h5 
26. Nf3 e4 27. Nd4 Qe5 28. b3 Kg7 29. Nb1 Rh8 30. Nd2 g5 31. Qg3 Qxg3 
32. fxg3 Kg6 33. Ne6 Rc8 34. Rd1 Rc2 35. Nd4 Rb2 36. Kf1 e5 37. Ne2 Nf5 
38. Nc4 Rxb3 39. g4 hxg4 40. hxg4 Nh6 41. Ng3 Rb4 42. Nd2 Nxg4 43. Ke2 Nf6 
44. a5 Rb2 45. Ra1 Nc5 46. Ra3 Nd5 47. Kd1 Rb4 48. Ke2 g4 49. Kd1 Kf6 
50. Ke2 Ke6 51. Nh5 Na4 52. Ng3 Nac3+ 53. Kf2 Rb2 54. Ngf1 Kf5 55. Ke1 Kg5 
56. Rb3 Rxb3 57. Nxb3 Na4 58. Kf2 Nb2 59. Ke2 Nc4 60. Kf2 Nc3 61. Nfd2 Nd1+ 
62. Ke2 Ndxe3 63. Nxe4+ Kf4 64. Nec5 Nxg2 65. Nxb7 g3 66. N7c5 Kg4 67. Ne4 Nf4+ 
68. Ke1 g2 69. Kf2 Ne3 
0-1

[Event "34th Chess Olympiad (men)"]
[Site "Istanbul"]
[Date "2000.11.10"]
[Round "13.6.3"]
[White "Wu, Wenjin"]
[Black "Anastasian, Ashot"]
[WhiteElo "2601"]
[BlackElo "2571"]
[WhiteCountry "CHN"]
[BlackCountry "ARM"]
[Result "0-1"]

1. c4 Nf6 2. Nc3 e5 3. Nf3 Nc6 4. d4 exd4 5. Nxd4 Bb4 6. Bg5 h6 7. Bh4 Bxc3+ 
8. bxc3 O-O 9. e3 Ne5 10. Nb5 Ng6 11. Bxf6 Qxf6 12. Qd4 Qd8 13. Qc5 c6 
14. Nd6 b6 15. Qd4 c5 16. Qd5 Qf6 17. Rc1 Ba6 18. Be2 Ne7 19. Qd3 Nc8 
20. Nb5 Bb7 21. O-O Qg5 22. g3 Qe5 23. f4 Qe7 24. Nc7 Be4 25. Qd2 Rb8 
26. Rcd1 Rb7 27. Nd5 Bxd5 28. cxd5 Nd6 29. Bd3 b5 30. e4 Nxe4 31. Qe2 f5 
32. d6 Qe6 33. Bxb5 Nxc3 34. Qxe6+ dxe6 35. Bc4 Nxd1 36. Bxe6+ Kh7 37. Rxd1 g6 
38. Rd5 Rd8 39. d7 Rc7 40. g4 fxg4 41. f5 h5 42. Re5 c4 43. fxg6+ Kh6 
44. Bf5 c3 45. Re7 c2 46. Bxc2 Rxc2 47. g7 Rb2 48. Kf1 Rbb8 49. Kf2 Rg8 
0-1

[Event "34th Chess Olympiad (men)"]
[Site "Istanbul"]
[Date "2000.11.10"]
[Round "13.7.4"]
[White "Barua, Dibyendu"]
[Black "Kempinski, Robert"]
[WhiteElo "2502"]
[BlackElo "2522"]
[WhiteCountry "IND"]
[BlackCountry "POL"]
[Result "0-1"]

1. e4 c5 2. Nf3 d6 3. d4 cxd4 4. Nxd4 Nf6 5. Nc3 a6 6. f4 Qc7 7. Be3 Nc6 
8. Bc1 b5 9. a3 Qb6 10. b3 Bb7 11. Bb2 Na5 12. Nd5 Bxd5 13. exd5 Ne4 
14. Bd3 Nb7 15. Rb1 Nec5 16. g4 Ne4 17. g5 Qxd4 18. Bxd4 Rc8 19. Rc1 Nc3 
20. O-O Nxd5 21. Be5 Rxc2 22. Kh1 
0-1

[Event "34th Chess Olympiad (men)"]
[Site "Istanbul"]
[Date "2000.11.10"]
[Round "13.9.1"]
[White "Hansen, Curt"]
[Black "Krakops, Maris"]
[WhiteElo "2613"]
[BlackElo "2522"]
[WhiteCountry "DEN"]
[BlackCountry "LAT"]
[Result "1-0"]

1. c4 Nf6 2. Nc3 g6 3. e4 d6 4. d4 Bg7 5. Nf3 O-O 6. Be2 e5 7. O-O Nc6 
8. d5 Ne7 9. b4 Nh5 10. Re1 Nf4 11. Bf1 a5 12. bxa5 Rxa5 13. a4 f5 14. Ra3 c5 
15. Ng5 Bf6 16. Bxf4 exf4 17. Ne6 Bxe6 18. dxe6 Be5 19. Nd5 Qe8 20. Qb1 Ra7 
21. exf5 Nxf5 22. Qb6 Rxa4 23. Rxa4 Qxa4 24. Bd3 Qc6 25. Qb1 Kg7 26. Bxf5 gxf5 
27. e7 Ra8 28. Qxf5 b5 29. Qg5+ Kh8 30. Nf6 bxc4 31. Qh6 Bxf6 32. Qf8+ 
1-0

[Event "34th Chess Olympiad (men)"]
[Site "Istanbul"]
[Date "2000.11.10"]
[Round "13.9.4"]
[White "Neiksans, Arturs"]
[Black "Schandorff, Lars"]
[WhiteElo "2355"]
[BlackElo "2520"]
[WhiteCountry "LAT"]
[BlackCountry "DEN"]
[Result "1-0"]

1. e4 c5 2. Nf3 d6 3. d4 cxd4 4. Nxd4 Nf6 5. Nc3 a6 6. Be2 e5 7. Nb3 Be7 
8. O-O O-O 9. Bg5 Nbd7 10. a4 b6 11. Be3 Bb7 12. f3 Qc7 13. Rf2 Rfd8 
14. Bf1 Nc5 15. Rd2 Nxb3 16. cxb3 Bc6 17. b4 Bd7 18. Rc1 Qb7 19. b5 a5 
20. Bc4 Be6 21. Nd5 Nxd5 22. Bxd5 Bxd5 23. exd5 Rac8 24. Rc6 Rxc6 25. bxc6 Qc7 
26. Qe2 Rb8 27. Qa6 Bd8 28. b4 axb4 29. Rb2 f5 30. Rxb4 Qf7 31. Qc4 Bc7 
32. a5 bxa5 33. Rxb8+ Bxb8 34. Qb5 Ba7 35. Qb7 
1-0

[Event "34th Chess Olympiad (men)"]
[Site "Istanbul"]
[Date "2000.11.10"]
[Round "13.10.1"]
[White "Milos, Gilberto"]
[Black "Papaioannou, Ioannis"]
[WhiteElo "2633"]
[BlackElo "2578"]
[WhiteCountry "BRA"]
[BlackCountry "GRE"]
[Result "0-1"]

1. e4 d5 2. exd5 Qxd5 3. Nc3 Qa5 4. Bc4 c6 5. Nge2 Bf5 6. O-O e6 7. d3 Nd7 
8. Bf4 Ngf6 9. Qd2 Nb6 10. Bb3 O-O-O 11. a3 e5 12. Bg3 Bg6 13. Ba2 Nbd7 
14. b4 Qc7 15. b5 h5 16. h3 h4 17. Bh2 Bd6 18. bxc6 Qxc6 19. f3 Nb6 20. Kh1 Bc7 
21. a4 a6 22. Rfb1 Bh5 23. Qg5 Bg6 24. Rb4 Rh5 25. Qc1 Bd6 26. Rb3 Bc5 
27. Rab1 Bf5 28. Ne4 Nxe4 29. fxe4 Be6 30. a5 Na4 31. Ra1 Ba7 32. Rb4 Bxa2 
33. Rxa2 Nc5 34. Rab2 f5 35. Bxe5 fxe4 36. d4 Rf8 37. Bf4 Ne6 38. Be3 Rhf5 
39. Rb1 Bb8 40. Bg1 Rf1 41. Qxf1 Rxf1 42. Rxf1 Bc7 43. c4 g5 44. Rf6 Qe8 
45. Rb2 Nf4 46. Be3 Qe7 47. Rh6 Qg7 48. Bxf4 Qxh6 49. Bxc7 Kxc7 50. Nc3 Qe6 
51. Nd5+ Kb8 52. Rf2 Qe8 53. Kg1 Ka7 54. Rf5 Qa4 55. Nb6 Qd1+ 56. Kh2 Qxd4 
57. c5 Qd8 58. Rf7 Qe8 59. Re7 Qc6 60. Re5 Qc7 61. Nc4 e3 62. Kh1 e2 
63. Rxe2 Qxc5 64. Re4 Qd5 65. Rg4 Kb8 66. Kg1 Qf5 67. Nd2 Qc5+ 68. Kf1 Qxa5 
69. Ne4 Qa1+ 70. Ke2 a5 71. Rxg5 a4 
0-1

[Event "34th Chess Olympiad (men)"]
[Site "Istanbul"]
[Date "2000.11.10"]
[Round "13.10.2"]
[White "Miladinovic, Igor"]
[Black "Leitao, Rafael"]
[WhiteElo "2563"]
[BlackElo "2567"]
[WhiteCountry "GRE"]
[BlackCountry "BRA"]
[Result "1-0"]

1. d4 Nf6 2. c4 c5 3. d5 d6 4. Nc3 g6 5. g3 Bg7 6. Bg2 O-O 7. Nh3 Na6 
8. O-O Nc7 9. Nf4 Rb8 10. a4 b6 11. Rb1 Nd7 12. Qc2 Ne5 13. b3 a6 14. e3 b5 
15. Nfe2 bxc4 16. bxc4 Bd7 17. Qa2 Rxb1 18. Nxb1 Qb8 19. Bd2 Nd3 20. Ba5 Na8 
21. Nd2 Qb2 22. Qxb2 Nxb2 23. Rb1 Bf5 24. e4 Bd7 25. f4 Rb8 26. Nc3 Bd4+ 
27. Kf1 Rb7 28. Ne2 Bxa4 29. Nxd4 cxd4 30. e5 Bc2 31. Rc1 Bd3+ 32. Kg1 Na4 
33. c5 Nxc5 34. Rxc5 dxc5 35. d6 Ra7 36. Bxa8 exd6 37. exd6 Rxa8 38. d7 Bb5 
39. d8=Q+ Rxd8 40. Bxd8 c4 41. Nf3 d3 42. Ba5 f6 43. Kf2 Kf7 44. Nd4 Bd7 
45. Ke3 h5 46. Ke4 Ba4 47. Kd5 Bb3 48. Kd6 g5 49. h4 gxh4 50. gxh4 Ba2 51. Bb6 
1-0

[Event "34th Chess Olympiad (men)"]
[Site "Istanbul"]
[Date "2000.11.10"]
[Round "13.10.3"]
[White "Vescovi, Giovanni"]
[Black "Banikas, Hristos"]
[WhiteElo "2526"]
[BlackElo "2542"]
[WhiteCountry "BRA"]
[BlackCountry "GRE"]
[Result "1/2-1/2"]

1. e4 c5 2. Nf3 Nc6 3. d4 cxd4 4. Nxd4 Qc7 5. Nc3 e6 6. Be3 a6 7. Bd3 Nf6 
8. O-O h5 9. h3 b5 10. a3 Bb7 11. Qe2 Rc8 12. Nb3 Ne5 13. f4 Nc4 14. Bd4 h4 
15. Qf2 Nxb2 16. e5 Nxd3 17. cxd3 Nd5 18. Nxd5 Bxd5 19. Rac1 Qb7 20. Nc5 Bxc5 
21. Bxc5 f5 22. Kh2 Kf7 23. Rg1 Rh5 24. g4 hxg3+ 25. Rxg3 Rch8 26. Bb4 Qb8 
27. Qc5 Qd8 28. Qd6 Bc6 29. d4 g5 30. fxg5 Rxg5 31. Rcg1 Rxg3 32. Rxg3 Rg8 
33. Rxg8 Kxg8 34. Qe7 Qxe7 35. Bxe7 f4 36. Bg5 Kf7 37. Bxf4 Kg6 38. Kg3 Kf5 
39. h4 Ke4 40. Bd2 Kxd4 41. Kf4 Be4 42. h5 Bf5 43. Bb4 Kd5 
1/2-1/2

[Event "34th Chess Olympiad (men)"]
[Site "Istanbul"]
[Date "2000.11.10"]
[Round "13.10.4"]
[White "Halkias, Stelios"]
[Black "Lima, Darcy"]
[WhiteElo "2502"]
[BlackElo "2525"]
[WhiteCountry "GRE"]
[BlackCountry "BRA"]
[Result "1/2-1/2"]

1. d4 b6 2. c4 e6 3. a3 Bb7 4. Nc3 f5 5. d5 Nf6 6. Bf4 Be7 7. Nf3 O-O 8. g3 Ne4 
9. Rc1 Bf6 10. Be5 c6 11. dxe6 dxe6 12. Qxd8 Rxd8 13. Bxf6 gxf6 14. Bg2 Nxc3 
15. Rxc3 c5 16. e3 Nc6 17. Ke2 Kf8 18. Nh4 Ke7 19. h3 Rd6 20. Rd1 Rxd1 
21. Kxd1 Rd8+ 22. Ke2 Rd7 23. Rc1 Rd6 24. g4 fxg4 25. hxg4 Ba6 26. Bxc6 Rxc6 
27. a4 Rc8 28. b3 Bb7 29. f3 Rg8 30. Kf2 Rd8 31. Ke2 Rg8 32. Kf2 Rd8 33. Kg3 
1/2-1/2

[Event "34th Chess Olympiad (men)"]
[Site "Istanbul"]
[Date "2000.11.10"]
[Round "13.11.1"]
[White "Beliavsky, Alexander G"]
[Black "Ftacnik, Lubomir"]
[WhiteElo "2654"]
[BlackElo "2608"]
[WhiteCountry "SLO"]
[BlackCountry "SVK"]
[Result "1-0"]

1. d4 Nf6 2. c4 g6 3. Nc3 d5 4. cxd5 Nxd5 5. e4 Nxc3 6. bxc3 Bg7 7. Bc4 O-O 
8. Ne2 Nc6 9. O-O e5 10. d5 Na5 11. Bd3 b6 12. Bb2 f5 13. f3 Qe7 14. Kh1 Bd7 
15. c4 fxe4 16. fxe4 Bg4 17. Qa4 Qg5 18. Ng1 Qd2 19. Qa3 Nb7 20. Bc1 Qa5 
21. Qxa5 Nxa5 22. Ba3 Rxf1 23. Rxf1 Bf8 24. Bb2 Bd6 25. h3 Bd7 26. Nf3 Re8 
27. c5 bxc5 28. Ba6 Bc8 29. Bxc8 Rxc8 30. Nxe5 Bxe5 31. Bxe5 Nc4 32. Bf4 Re8 
33. e5 Nb6 34. Rd1 Rd8 35. d6 cxd6 36. Bg5 Re8 37. exd6 Re5 38. Bf4 Re4 
39. Bg3 Nd7 40. Rb1 Kf7 41. Rb7 Ke6 42. Rxa7 h5 43. Ra8 Kd5 44. Rh8 Ra4 
45. Rd8 Kc6 46. Rg8 h4 47. Bf2 Ne5 48. Rc8+ Kxd6 49. Bxc5+ Kd7 50. Rh8 Rxa2 
51. Rxh4 Ke6 52. Rh8 Nd3 53. Be3 Re2 54. Rf8 Ke7 55. Rf3 Ne1 56. Bc5+ Ke6 
57. Rf8 Kd7 58. Bf2 Nd3 59. Bh4 Ne5 60. Rf6 Re3 61. Kh2 Re2 62. Bg3 
1-0

[Event "34th Chess Olympiad (men)"]
[Site "Istanbul"]
[Date "2000.11.10"]
[Round "13.11.2"]
[White "Stohl, Igor"]
[Black "Mikhalchishin, Adrian"]
[WhiteElo "2578"]
[BlackElo "2544"]
[WhiteCountry "SVK"]
[BlackCountry "SLO"]
[Result "1/2-1/2"]

1. c4 e5 2. Nc3 Nf6 3. Nf3 Nc6 4. a3 d5 5. cxd5 Nxd5 6. Qc2 Nxc3 7. bxc3 Bd6 
8. g3 b6 9. Bg2 Bb7 10. O-O O-O 11. d4 Qe7 12. Ng5 g6 13. Rd1 Na5 14. Bxb7 Nxb7 
15. e4 Rfe8 16. Re1 f6 17. Nf3 Qf7 
1/2-1/2

[Event "34th Chess Olympiad (men)"]
[Site "Istanbul"]
[Date "2000.11.10"]
[Round "13.11.3"]
[White "Pavasovic, Dusko"]
[Black "Timoscenko, Genadij"]
[WhiteElo "2523"]
[BlackElo "2529"]
[WhiteCountry "SLO"]
[BlackCountry "SVK"]
[Result "1-0"]

1. e4 e5 2. Nf3 Nc6 3. d4 exd4 4. Nxd4 Bc5 5. Nxc6 Qf6 6. Qd2 bxc6 7. Nc3 d6 
8. Bd3 Ne7 9. O-O Bb6 10. Kh1 Qh4 11. f4 f5 12. e5 dxe5 13. fxe5 Be6 
14. Qe2 Qg4 15. Qxg4 fxg4 16. Ne4 h6 17. Bd2 O-O-O 18. a4 Kb8 19. Bb4 Rhe8 
20. Nc5 Nd5 21. Ba3 Ne3 22. Rfe1 Rxd3 23. cxd3 Bxc5 24. Bxc5 Nc2 25. Rac1 Nxe1 
26. Rxe1 Rd8 27. d4 Rd7 28. Rf1 Rf7 29. Kg1 Rxf1+ 30. Kxf1 a6 31. Bf8 h5 
32. Kf2 g5 33. Be7 h4 34. Bxg5 h3 35. g3 Kc8 36. Ke3 Kd7 37. Kf4 Ke8 
38. Bf6 Kd7 39. Kg5 Ke8 40. Kh5 Kd7 41. Bg5 Ke8 42. Bd2 Kd7 43. Kg5 Ke7 
44. Bb4+ Ke8 45. Ba5 Kd7 46. Kf6 Bb3 47. Kf5 Be6+ 48. Kg5 Kd8 49. Kf6 Kd7 
50. Bb4 Bb3 51. Kf5 Be6+ 52. Kg5 Ke8 53. Bc5 Kd7 54. Ba7 Kc8 55. a5 Kd7 
56. Bb8 Kc8 57. Kf6 Bb3 58. e6 c5 59. dxc5 c6 60. Bd6 Kd8 61. Kf7 Bd5 
62. b4 Bc4 63. Be5 Bd5 64. Bf6+ Kc7 65. Ke7 Bf3 66. Kf8 
1-0

[Event "34th Chess Olympiad (men)"]
[Site "Istanbul"]
[Date "2000.11.10"]
[Round "13.11.4"]
[White "Mrva, Martin"]
[Black "Sermek, Drazen"]
[WhiteElo "2468"]
[BlackElo "2514"]
[WhiteCountry "SVK"]
[BlackCountry "SLO"]
[Result "0-1"]

1. e4 c5 2. Nf3 e6 3. b3 d6 4. Bb2 Nf6 5. Bb5+ Bd7 6. Bxd7+ Nbxd7 7. Qe2 Be7 
8. O-O O-O 9. Rd1 d5 10. d3 d4 11. a4 Qc7 12. Nbd2 b6 13. b4 e5 14. b5 a6 
15. c3 Ra7 16. Rdc1 axb5 17. axb5 Rxa1 18. Rxa1 Ne8 19. Nc4 f6 20. Qd1 Qb7 
21. Nh4 g6 22. Qg4 Ng7 23. Qh3 Rd8 24. g3 Nf8 25. cxd4 cxd4 26. f4 exf4 
27. gxf4 Nfe6 28. f5 Nf4 29. Qf3 g5 30. Ng2 Nxg2 31. Qxg2 Bc5 32. Bc1 Re8 
33. h4 h6 34. hxg5 hxg5 35. Qa2 Qf7 36. Bd2 Kf8 37. Be1 Nh5 38. Qa7 Nf4 
39. Qxf7+ Kxf7 40. Nb2 Ne2+ 41. Kf1 Nc3 42. Rc1 Rh8 43. Kg2 Ra8 44. Bxc3 dxc3 
45. Nd1 Ra2+ 46. Kf3 g4+ 47. Kf4 c2 48. Nc3 Rb2 49. Ne2 Bb4 50. Kxg4 Bd2 
51. Ra1 Rb1 52. Ra7+ Ke8 53. e5 Rg1+ 54. Kf3 fxe5 55. Ra2 c1=Q 56. Nxc1 Bxc1 
57. Ra6 Bb2 58. Rxb6 Kf7 59. Rb8 Bd4 60. Ke4 Rb1 61. Rb7+ Kf6 62. Rb8 Rb4 
63. Kd5 Kxf5 64. Rf8+ Kg4 65. Kc6 Rb3 66. Rf1 Rxd3 67. Rb1 e4 68. Kd5 Kf3 
69. Kc4 Bb6 70. Rf1+ Ke3 71. Re1+ Kf4 72. Rh1 Rd4+ 73. Kc3 Rd6 
0-1

[Event "34th Chess Olympiad (men)"]
[Site "Istanbul"]
[Date "2000.11.10"]
[Round "13.12.3"]
[White "Akesson, Ralf"]
[Black "Gallagher, Joseph G"]
[WhiteElo "2486"]
[BlackElo "2514"]
[WhiteCountry "SWE"]
[BlackCountry "SUI"]
[Result "1/2-1/2"]

1. d4 d6 2. c4 g6 3. Nc3 Bg7 4. e4 Nf6 5. h3 O-O 6. Bg5 Na6 7. Nf3 e5 8. d5 h6 
9. Be3 Nc5 10. Nd2 a5 11. g4 c6 12. Be2 Bd7 13. h4 a4 14. g5 hxg5 15. hxg5 Nh7 
16. Nf3 cxd5 17. cxd5 Qa5 18. Qd2 Rfc8 19. Kf1 b5 20. Rh4 a3 21. b4 Qxb4 
22. Rb1 Qa5 23. Bxb5 Nxe4 24. Rxe4 Bh3+ 25. Ke2 Rxc3 26. Ra4 Rxe3+ 27. fxe3 Qd8 
28. Rxa8 Qxa8 29. e4 f5 30. gxf6 Nxf6 31. Qb4 Qc8 32. Nd2 Qc2 33. Qc4 Bg4+ 
34. Ke1 Qxc4 35. Bxc4 Bh6 36. Rb8+ Kf7 37. Rb7+ Kf8 38. Bd3 Be3 39. Nc4 Bc5 
40. Rb3 g5 41. Bc2 Bh5 42. Rb5 Be8 43. Rb8 Ke7 44. Rb7+ Kf8 45. Rb8 Ke7 
46. Na5 Bg6 47. Rb7+ Kf8 48. Nb3 Be3 49. Ke2 Bf4 50. Rb8+ Kf7 51. Rb7+ Kf8 
52. Rb8+ Kf7 53. Rb7+ 
1/2-1/2

[Event "34th Chess Olympiad (men)"]
[Site "Istanbul"]
[Date "2000.11.10"]
[Round "13.13.1"]
[White "Moldobaev, Emelbek"]
[Black "Marin, Mihail"]
[WhiteElo "2404"]
[BlackElo "2557"]
[WhiteCountry "KGZ"]
[BlackCountry "ROM"]
[Result "1/2-1/2"]

1. e4 d6 2. d4 Nf6 3. Nc3 g6 4. Nf3 Bg7 5. Be2 O-O 6. O-O Bg4 7. a4 Nc6 
8. d5 Nb4 9. h3 Bxf3 10. Bxf3 a5 11. Bg5 c6 12. Qd2 Qc7 13. Rfc1 Rfe8 
14. Ra3 Nd7 15. Bh6 Bxh6 16. Qxh6 Nb6 17. h4 e5 18. h5 Qe7 19. hxg6 hxg6 
20. Be2 Qf6 21. g3 cxd5 22. Nxd5 N6xd5 23. exd5 e4 24. Rb3 Re7 25. c3 e3 
26. f4 Na6 27. Kg2 Nc5 
1/2-1/2

[Event "34th Chess Olympiad (men)"]
[Site "Istanbul"]
[Date "2000.11.10"]
[Round "13.13.2"]
[White "Rogozenko, Dorian"]
[Black "Magai, Vladimir"]
[WhiteElo "2531"]
[BlackElo "2546"]
[WhiteCountry "ROM"]
[BlackCountry "KGZ"]
[Result "1/2-1/2"]

1. d4 Nf6 2. c4 g6 3. g3 Bg7 4. Bg2 O-O 5. Nc3 d6 6. Nf3 Nc6 7. O-O a6 
8. d5 Na5 9. Nd2 c5 10. Qc2 Rb8 11. b3 b5 12. Bb2 h5 13. h3 bxc4 14. bxc4 e5 
15. Rab1 Bd7 16. Ba1 Qe7 17. Rxb8 Rxb8 18. Rb1 Qd8 19. Nd1 Rb6 20. Bc3 Nb7 
21. Rb2 Bc8 22. Qa4 Bd7 23. Qa3 Rxb2 24. Nxb2 Qb6 25. Na4 Qc7 26. Qb3 Be8 
27. e3 Nd7 28. g4 hxg4 29. hxg4 f5 30. gxf5 gxf5 31. e4 Bg6 32. exf5 
1/2-1/2

[Event "34th Chess Olympiad (men)"]
[Site "Istanbul"]
[Date "2000.11.10"]
[Round "13.13.4"]
[White "Cosma, Ioan"]
[Black "Inarkiev, Ernesto"]
[WhiteElo "2460"]
[BlackElo "2432"]
[WhiteCountry "ROM"]
[BlackCountry "KGZ"]
[Result "1-0"]

1. d4 Nf6 2. Nf3 g6 3. g3 Bg7 4. Bg2 O-O 5. O-O d6 6. b3 a5 7. a4 Na6 8. Bb2 d5 
9. Nbd2 Bf5 10. Ne5 Rc8 11. f3 c5 12. e4 dxe4 13. fxe4 Bg4 14. Qb1 cxd4 
15. Rxf6 exf6 16. Nxg4 Nb4 17. Nc4 Re8 18. Nf2 f5 19. Qd1 fxe4 20. Nxe4 Re6 
21. Nf2 Nd5 22. Bxd4 Nc3 23. Bxc3 Bxc3 24. Qxd8+ Rxd8 25. Rc1 b6 26. Nd3 g5 
27. g4 Kg7 28. Bf3 h5 29. h3 hxg4 30. Bxg4 Rf6 31. Kg2 Re8 32. Rd1 Kg6 
33. Nf2 Bb4 34. Rd5 Kh6 35. Bf5 Kg7 36. Ng4 Rc6 37. Bd7 Re2+ 38. Kf3 Rxc4 
39. bxc4 Rxc2 40. Rxg5+ Kf8 41. Bb5 Rc3+ 42. Kg2 Bd6 43. Nf2 Rc2 44. Rf5 Kg7 
45. Rf3 Be5 46. Kf1 f6 47. Nd3 
1-0

[Event "34th Chess Olympiad (men)"]
[Site "Istanbul"]
[Date "2000.11.10"]
[Round "13.15.2"]
[White "Spraggett, Kevin"]
[Black "Zagrebelny, Sergey"]
[WhiteElo "2501"]
[BlackElo "2536"]
[WhiteCountry "CAN"]
[BlackCountry "UZB"]
[Result "1-0"]

1. e4 c5 2. Nf3 d6 3. d4 cxd4 4. Nxd4 Nf6 5. Nc3 a6 6. Be2 e5 7. Nb3 Be7 
8. O-O O-O 9. Re1 Be6 10. Bf1 Nbd7 11. Nd5 Nxd5 12. exd5 Bf5 13. a4 Rc8 
14. c3 Bg5 15. Bxg5 Qxg5 16. a5 Bg6 17. Nd2 f5 18. Nc4 Rf6 19. Ra4 Nc5 
20. Rb4 f4 21. Rb6 Rd8 22. b4 Bh5 23. f3 e4 24. bxc5 exf3 25. Qd2 fxg2 
26. Bxg2 Qg4 27. Rxd6 Rdxd6 28. cxd6 f3 29. Ne5 Qh4 30. Nxf3 Bxf3 31. d7 Rf8 
32. Re8 
1-0

[Event "34th Chess Olympiad (men)"]
[Site "Istanbul"]
[Date "2000.11.10"]
[Round "13.16.1"]
[White "Damljanovic, Branko"]
[Black "Annageldyev, Orazly"]
[WhiteElo "2559"]
[BlackElo "2491"]
[WhiteCountry "YUG"]
[BlackCountry "TKM"]
[Result "1-0"]

1. Nf3 Nf6 2. c4 c5 3. Nc3 e6 4. g3 b6 5. Bg2 Bb7 6. O-O Be7 7. Re1 a6 8. e4 d6 
9. d4 cxd4 10. Nxd4 Qc7 11. Be3 Nbd7 12. Rc1 O-O 13. f4 Rfe8 14. g4 g6 
15. g5 Nh5 16. f5 exf5 17. Nxf5 Bf8 18. Nd5 Qd8 19. Rc3 Nc5 20. Bd2 Ne6 
21. Qg4 Rc8 22. b3 Bxd5 23. exd5 Nef4 24. Rxe8 Qxe8 25. Re3 Qd8 26. Nd4 Nxg2 
27. Kxg2 Rc7 28. Nc6 Qc8 29. Qxc8 Rxc8 30. a4 b5 31. Kf3 bxc4 32. b4 h6 
33. h4 hxg5 34. hxg5 Rc7 35. Re4 f6 36. Rxc4 fxg5 37. Bxg5 Rf7+ 38. Kg4 Rf1 
39. Bd8 Ng7 40. Kh3 Nf5 41. Bg5 Rb1 42. Nb8 Rb3+ 43. Kh2 Rb2+ 44. Kg1 a5 
45. b5 Be7 46. Bc1 Rb1 47. Kh2 Bd8 48. Rc8 Kf7 49. Rxd8 Rxc1 50. Nc6 Rb1 
51. Nxa5 g5 52. Nc4 g4 53. b6 Rb4 54. Rc8 Ne7 55. Nxd6+ Kf6 56. Rf8+ Ke5 
57. b7 Kxd6 58. b8=Q+ Rxb8 59. Rxb8 Nxd5 60. a5 Nc7 61. a6 Kd5 
1-0

[Event "34th Chess Olympiad (men)"]
[Site "Istanbul"]
[Date "2000.11.10"]
[Round "13.16.2"]
[White "Ovezov, Artek"]
[Black "Ilincic, Zlatko"]
[WhiteElo "2366"]
[BlackElo "2563"]
[WhiteCountry "TKM"]
[BlackCountry "YUG"]
[Result "0-1"]

1. e4 c5 2. Nf3 d6 3. b4 cxb4 4. a3 Nf6 5. d3 bxa3 6. Rxa3 e6 7. Ra1 Be7 
8. Be2 O-O 9. Bb2 Nc6 10. Nbd2 b5 11. d4 b4 12. Bd3 a5 13. Qe2 d5 14. e5 Nd7 
15. h4 h6 16. g4 g6 17. Bc1 Kg7 18. Nf1 Rh8 19. Ne3 Qb6 20. Bb2 Ba6 
21. O-O Bxd3 22. Qxd3 Qa6 23. Qd1 Nb6 24. h5 g5 25. Nd2 a4 26. f4 gxf4 
27. Rxf4 Bg5 28. Qf3 Qb7 29. Rf1 Bxf4 30. Qxf4 Qe7 31. Nf3 Raf8 32. Nf5+ exf5 
33. gxf5 Rfg8 34. Kf2 Kf8 35. e6 Nc4 36. Re1 Qd6 37. Ne5 N4xe5 
0-1

[Event "34th Chess Olympiad (men)"]
[Site "Istanbul"]
[Date "2000.11.10"]
[Round "13.16.4"]
[White "Odeev, Handszar"]
[Black "Solak, Dragan"]
[WhiteElo "2442"]
[BlackElo "2490"]
[WhiteCountry "TKM"]
[BlackCountry "YUG"]
[Result "0-1"]

1. e4 c5 2. Nf3 d6 3. d4 cxd4 4. Nxd4 Nf6 5. Nc3 g6 6. Be2 Bg7 7. O-O Nc6 
8. Nb3 O-O 9. Re1 Be6 10. Bf1 d5 11. exd5 Nxd5 12. Nxd5 Bxd5 13. c3 e5 
14. Be3 b6 15. Qd2 Ne7 16. Bh6 Qc7 17. Bxg7 Kxg7 18. Rad1 Rad8 19. Qe2 f6 
20. Rd2 Bxb3 21. axb3 Rxd2 22. Qxd2 Rd8 23. Qe2 a5 24. Rd1 Rd6 25. Rxd6 Qxd6 
26. Qa6 e4 27. Qb7 f5 28. g3 Kh6 29. Bc4 Kg7 30. Kg2 g5 31. Qa8 Qc6 32. Qd8 Qf6 
33. Qa8 h5 34. Qb7 h4 35. Kf1 Kh6 36. Ke2 Qd6 37. Qa8 Ng6 38. Qe8 Kh5 
39. Ke1 Kg4 40. Bf1 hxg3 41. hxg3 Ne5 42. Be2+ Nf3+ 43. Bxf3+ exf3 44. Qe3 Qc6 
45. Kd2 Qe4 46. Qxe4+ fxe4 47. Ke3 Kh3 48. Kd4 
0-1